Social and Political Factors in a Model of Endogenous Economic Growth and Distribution <An> Application to the Philippines

Salvato in:
Dettagli Bibliografici
Autore principale: Villanueva, Delano
Natura: Libro
Lingua:inglese
Pubblicazione: Washington International Monetary Fund 1996
Edizione:1. ed.
Serie:IMF Working Paper 139
Soggetti:
Tags: Aggiungi Tag
Nessun Tag, puoi essere il primo ad aggiungerne!!

MARC

LEADER 00000nam a2200000 4500
001 c020896
005 20221205125629.7
041 0 |a eng 
044 |a US 
245 1 0 |a Social and Political Factors in a Model of Endogenous Economic Growth and Distribution  |b <An> Application to the Philippines  |c Delano Villanueva 
250 |a 1. ed. 
264 1 |a Washington  |b International Monetary Fund  |c 1996 
300 |a 35 s. 
490 1 |a IMF Working Paper  |v 139 
830 0 |a IMF Working Paper  |v 139 
610 2 0 |a rast hospodársky 
610 2 0 |a rast hospodársky dlhodobý 
610 2 0 |a dôchodok národný 
610 2 0 |a modely 
610 2 0 |a modelovanie 
610 2 0 |a politika sociálna 
610 2 0 |a Filipíny 
100 1 |a Villanueva, Delano